000
00256nam a22001217a 4500
008
181102b xxu||||| |||| 00| 0 eng d
041
_a
eng
080
_a
370
100
_a
47
101
_a
EDU
245
_a
Elementary logic
_c
Johnstone
942
_2
udc
_c
BK
999
_c
51593
_d
51593